| 000 | 00832nam a2200289Ia 4500 | ||
|---|---|---|---|
| 001 | H3366 | ||
| 003 | IT-RoPAU | ||
| 008 | 130308s9999 xx 000 0 und d | ||
| 040 | _aIT-RoPAU | ||
| 040 | _cIT-RoPAU | ||
| 041 | _aITALIANO | ||
| 100 | _aMarsciani Francesco | ||
| 100 | _gCodice Aut. SPICS: 14914 | ||
| 245 | _a"Alcune riflessioni sull'aspetto terminativo del giudizio di gusto ""E poi... E' bello!""" | ||
| 245 | _bGusti e Disgusti. sociosemiotica del Quotidiano | ||
| 250 | _a1a ed. | ||
| 260 | _aTORINO | ||
| 260 | _bTesto & Immagine | ||
| 260 | _c2000 [1° Ed.:2000 - Ed.Ling.Originale:1997] | ||
| 300 | _a"15 p. (prefazione: no ; testo: 15 [pagine: 33-47])" | ||
| 650 | _aSAGGI DI SEMIOLOGIA | ||
| 650 | _eCodice materia Spics: 3257 | ||
| 942 | _cBK | ||
| 957 | _71 | ||
| 999 |
_c41440 _d41440 |
||
| 999 | _bSI | ||
| 999 | _g1 | ||